00257nam a2200109Ia 4500008004100000041000800041082001200049100002300061245001900084260002500103300001900128240719s9999 xx 000 0 und d aeng a823 SEA aSealy, Irwin Allan aAsoca: A Sutra aDelhibPenguinc2021 a375 P.; 28 Cm.